<?xml version="1.0" encoding="UTF-8"?>
<collection xmlns="http://www.loc.gov/MARC21/slim">
  <record>
    <leader>00000nam  2200000   4500</leader>
    <controlfield tag="001">INLIS000000000015992</controlfield>
    <controlfield tag="005">20250619111045</controlfield>
    <datafield tag="035" ind1="#" ind2="#">
      <subfield code="a">0010-1023000074</subfield>
    </datafield>
    <controlfield tag="007">ta</controlfield>
    <controlfield tag="008">250619################g##########0#ind##</controlfield>
    <datafield tag="082" ind1="#" ind2="#">
      <subfield code="a">400.7</subfield>
    </datafield>
    <datafield tag="084" ind1="#" ind2="#">
      <subfield code="a">400.7 BAH</subfield>
    </datafield>
    <datafield tag="245" ind1="#" ind2="#">
      <subfield code="a">Bahan Penyuluhan Bahasa Indonesia /</subfield>
      <subfield code="c">Departemen Pendidikan dan Kebudayaan</subfield>
    </datafield>
    <datafield tag="250" ind1="#" ind2="#">
      <subfield code="a">Cetakan ke 1</subfield>
    </datafield>
    <datafield tag="260" ind1="#" ind2="#">
      <subfield code="a">Jakarta :</subfield>
      <subfield code="b">Departemen Pendidikan dan Kebudayaan,</subfield>
      <subfield code="c">1995</subfield>
    </datafield>
    <datafield tag="300" ind1="#" ind2="#">
      <subfield code="a">102 halaman :</subfield>
      <subfield code="b">ilus ;</subfield>
      <subfield code="c">21 cm</subfield>
    </datafield>
    <datafield tag="500" ind1="#" ind2="#">
      <subfield code="a">Penggunaan bahasa Indonesia sebagai bahasa nasional dan bahasa negara semakin meluas. Oleh karena itu, pembinaan bahasa Indonesia perlu ditingkatkan terus sesuai dengan kedudukan dan fungsi bahasa Indonesia.Berdasarkan Undang-Undang Dasar 1945, Pasal 36, yaitu "Bahasa negara ialah bahasa Indonesia," dan Garis-Garis Besar Haluan Negara tahun 1993 yang menyatakan bahwa "Usaha pembinaan bahasa Indonesia terus ditingkatkan sehingga penggunaannya secara baik dan benar serta dengan penuh rasa bangga makin menjangkau seluruh masyarakat, memperkukuh persatuan dan kesatuan bangsa, serta memantapkan kepribadian bangsa.</subfield>
    </datafield>
    <datafield tag="650" ind1="#" ind2="4">
      <subfield code="a">Kebahasaan</subfield>
    </datafield>
    <datafield tag="990" ind1="#" ind2="#">
      <subfield code="a">02085776</subfield>
    </datafield>
  </record>
</collection>
